Statistics for 80s Hits - Extensive quiz for fans!

Click here to take the quiz!

General Stats

  • This quiz has been taken 3,002 times
  • The average score is 27 of 67

Answer Stats

Song Artist % Correct
Hungry Like The WolfDuran Duran
92%
Take On Mea-ha
87%
Wake Me Up Before You Go-GoWham!
85%
Karma ChameleonCulture Club
82%
Tainted LoveSoft Cell
81%
White WeddingBilly Idol
79%
Love ShackThe B-52's
78%
Sweet Dreams (Are Made Of This)Eurythmics
77%
Call MeBlondie
76%
Don't Stand So Close to MeThe Police
75%
Come On EileenDexys Midnight Runners
67%
RelaxFrankie Goes to Hollywood
67%
The Safety DanceMen Without Hats
61%
Don't You Want MeThe Human League
60%
DriveThe Cars
60%
Whip ItDevo
58%
Cruel SummerBananarama
58%
Mad WorldTears For Fears
57%
Too ShyKajagoogoo
53%
Hold Me NowThompson Twins
49%
Kids In AmericaKim Wilde
49%
Blue MondayNew Order
48%
GoldSpandau Ballet
47%
People Are PeopleDepeche Mode
46%
It's A SinPet Shop Boys
46%
I Want CandyBow Wow Wow
46%
The Look Of LoveABC
46%
Alive And KickingSimple Minds
46%
Road To NowhereTalking Heads
41%
ViennaUltravox
40%
CarsGary Numan
40%
Prince CharmingAdam And The Ants
39%
Enola GayOrchestral Manoeuvres In The Dark
37%
Love Will Tear Us ApartJoy Division
35%
Dance Hall DaysWang Chung
34%
LullabyThe Cure
34%
Turning JapaneseThe Vapors
33%
It Must Be LoveMadness
32%
AvalonRoxy Music
31%
A Little RespectErasure
31%
Fade To GreyVisage
29%
Love Plus OneHaircut 100
26%
The Killing MoonEcho And The Bunnymen
26%
Forever YoungAlphaville
26%
Wouldn't It Be GoodNik Kershaw
26%
Cool For CatsSqueeze
25%
Pretty In PinkThe Psychedelic Furs
25%
Don't GoYazoo
25%
Shattered DreamsJohnny Hates Jazz
23%
New SongHoward Jones
21%
TemptationHeaven 17
20%
Dear PrudenceSiouxsie and the Banshees
16%
Shout To The Top!The Style Council
15%
Swords Of A Thousand MenTenpole Tudor
15%
GhostsJapan
14%
Living On The CeilingBlancmange
14%
Somewhere In My HeartAztec Camera
13%
Promises, PromisesNaked Eyes
12%
Feels Like HeavenFiction Factory
12%
The PromiseWhen In Rome
12%
The King of Rock 'n' RollPrefab Sprout
12%
I Got YouSplit Enz
11%
RewardThe Teardrop Explodes
10%
Walking In L.A.Missing Persons
9%
Beat The ClockSparks
9%
You'll Always Find Me in the Kitchen at PartiesJona Lewie
8%
Wishful ThinkingChina Crisis
8%

Score Distribution

Percentile by Number Answered

Percent of People with Each Score

Your Score History

You have not taken this quiz